| 000 | 00593cam a22002174a 4500 | ||
|---|---|---|---|
| 020 | _a9781597180641 (pbk.) | ||
| 020 | _a1597180645 (pbk.) | ||
| 040 | _cSTF | ||
| 082 | 0 | 0 | _a005 STA 2009 A005 Or. |
| 245 | 0 | 0 |
_aStata user's guide : _brelease 11. |
| 246 | 1 | 4 | _aStata release 11 : user's guide |
| 246 | 1 | 8 | _aStata 11 user's guide |
| 260 |
_aCollege Station, Tex. : _bStataCorp LP, _c2009. |
||
| 300 |
_ax, 396 p. : _bill. ; _c24 cm. |
||
| 650 | 0 | _aStatistics | |
| 650 | 0 | _aStatistics | |
| 650 | 0 | _aSocial sciences | |
| 650 | 0 | _aSocial sciences | |
| 710 | 2 | _aStataCorp LP. | |
| 942 | _cEK | ||
| 999 |
_c13770 _d13770 |
||